Two Options: Most Land Area - Multiple Choice - Statistics

General Stats
  • This quiz has been taken 855 times
    828 since last reset
  • The average score is 9 of 15
Answer Stats
Question Answer % Correct
Which has the most land area? China
97%
Which has the most land area? Antarctica
77%
Which has the most land area? Sri Lanka
77%
Which has the most land area? Germany
74%
Which has the most land area? Japan
71%
Which has the most land area? Algeria
63%
Which has the most land area? Saudi Arabia
60%
Which has the most land area? Argentina
51%
Which has the most land area? Asia
49%
Which has the most land area? Europe
49%
Which has the most land area? New Zealand
49%
Which has the most land area? Scotland
46%
Which has the most land area? South America
40%
Which has the most land area? Turkey
40%
Which has the most land area? Fiji
26%
No matching quizzes found
Score Distribution
Percent of People with Each Score
Percentile by Number Answered
Your Score History
You have not taken this quiz since the last reset